| 000 | 00419nam a2200157 i 4500 | ||
|---|---|---|---|
| 001 | 58061 | ||
| 003 | ES-MaACL | ||
| 005 | 20230906163722.0 | ||
| 007 | t| | ||
| 008 | 031020s1928 fr ||||1| fre d | ||
| 100 | 1 |
_aDuplex, Henriette. _946098 |
|
| 245 | 1 | 2 |
_aL'anteros, roman / _cHenriette Duplex. |
| 260 |
_aParĂs : _b[s.n., _c1928] ( _fImp. A. Debeauve) |
||
| 300 |
_a158 p. ; _c20 cm. |
||
| 852 |
_aES-MaACL _jF-13469 |
||
| 999 |
_c58061 _d58061 |
||